000 03190nam0a2200397 4500
001 RU\NLR\bibl\1387269
005 20250615195455.0
010 _a978-5-17-057963-1
_bАСТ
010 _a978-5-9725-1381-9
_bАстрель-СПб
_94000
021 _aRU
_b2009-34882
_92103
035 _a(nilc)IZD\AST\2007\899273
035 _a(NLR Aleph) 001379329
090 _a1091903
_c1091903
100 _a20090423d2009 |||y0rusy50 ca
101 1 _arus
_ceng
102 _aRU
105 _aa z |||||
200 1 _aЗаклятие эльфов
_iНижняя дорога
_fДаниэль Кирк
_g[пер. Юлии Крусановой]
210 _aМосква
_cАСТ
_aСанкт-Петербург
_cArabesque Books
_cАстрель-СПб
_d2009
215 _a508, [1] с.
_cил.
_d21
311 _aЗаклятие эльфов: Нижняя дорога - 1-й том трилогии
330 _aВерхняя дорога - дорога живых, и идти по ней нужно долго-долго... Нижняя - дорога мертвых, эльфов, троллей, гоблинов и фей. Это - короткий путь, по нему можно добраться до нужного места за одно мгновение. Вот только дорога разрушается, а вместе с ней исчезают хрупкие барьеры между верхним и нижним мирами. Если не вмешаться, ничто не сможет защитить людей от вторжения воинственной армии эльфийского принца Макты... Однако в стране эльфов есть и мирные, добрые, отважные жители, готовые пожертвовать собой ради спасения человеческих городов и волшебного королевства от коварного принца. Но удастся ли им восстановить равновесие между мирами? Четырнадцатилетний Мэтт, случайно попавший к эльфам в самый разгар их "разборок", вместе с феей Туава-Ли и троллем Томтаром отправляется в самое сердце Земли на поиски спасительного средства...
686 _a06521
_aЗарубежное фэнтези
_2TCC-BG
686 _a0724
_aЗарубежная фантастика и триллер для детей и юношества
_2TCC-BG
686 _a84(7Сое)-445
_vLBC/PL
_2rubbk
686 _aШ9(7США)62-4
700 1 _4070
_7ca
_8rus
_aКирк
_bД.
_f1952-
_gДэниел
_9257091
_3RU\NLR\AUTH\770257147
801 0 _aRU
_bЛИБНЕТ
_c20090423
801 1 _aRU
_bЦУНБ Москва
_c20090430
_2rusmarc
801 2 _aRU
_bNLR
_c20090626
_grcr
830 _aCODE_OF_LIBNET\000027299
942 _cBOOK
980 _aNB